Normal view
MARC view
Entry Topical Term
001 - CONTROL NUMBER
- control field: 46672
003 - CONTROL NUMBER IDENTIFIER
- control field: ARRUPE
005 - DATE AND TIME OF LATEST TRANSACTION
- control field: 20190701114948.0
008 - FIXED-LENGTH DATA ELEMENTS
- fixed length control field: 190701|| aca||aabn | a|a d
040 ## - CATALOGING SOURCE
- Original cataloging agency: ARRUPE
- Transcribing agency: ARRUPE
150 ## - HEADING--TOPICAL TERM
- Topical term or geographic name as entry element: Distributive justice, civil rights, industrial management
- General subdivision: Employee participation, property, liberalism
670 ## - SOURCE DATA FOUND
- Source citation: Work cat.: (ARRUPE)93716: Macpherson, C.B 46671, The rise and fall of economic justice and other essays